History Quiz

Random History or Decade Quiz

When Did I Die? 7-to-1 Quiz Stats

 Plays Quiz not verified by Sporcle

Score 0/28 Timer 06:00
22 Plays Today
% Correct
David Bowie
87.8%
Michael Jackson
79.9%
Muhammad Ali
78.7%
Amy Winehouse
77.3%
Leonard Nimoy
73.7%
Princess Diana
71.2%
Patrick Swayze
71%
Kurt Cobain
67.5%
John F. Kennedy
63.5%
Farrah Fawcett
62.2%
Neil Armstrong
60.8%
Maya Angelou
56.4%
Freddie Mercury
52.8%
Marilyn Monroe
50.3%
% Correct
Albert Einstein
41.8%
Andy Warhol
40.5%
Liberace
38.3%
Andre the Giant
37.9%
Roy Orbison
36.7%
Shirley Temple
36.7%
Louis Armstrong
32.5%
Nikita Khrushchev
31.8%
Kurt Vonnegut
30.1%
Eartha Kitt
30.1%
Yves Saint Laurent
26.7%
Coco Chanel
25.6%
Maria von Trapp
20.7%
Isaac Asimov
16.3%

You're not logged in!

Compare scores with friends on all Sporcle quizzes.
OR
Log In

You Might Also Like...

Show Comments

Extras

Top Quizzes Today


Score Distribution

Your Account Isn't Verified!

In order to create a playlist on Sporcle, you need to verify the email address you used during registration. Go to your Sporcle Settings to finish the process.

Report this User

Report this user for behavior that violates our Community Guidelines.

Details: